000 00707nam a2200253Ia 4500
003 OSt
005 20220928121405.0
006 a|||||r|||| 00| 0
007 ta
008 220927b |||||||| |||| 00| 0 eng d
020 _c230
024 _a118955
037 _b050, 03/07/2013, Classic Book Service
_cTextual
040 _aSDCL
_cSDCL
_beng
041 _2eng
_aeng
082 _aV2'L, P8
100 _aHabib Irfan
_9393076
245 0 _aTechnology in medieval India
260 _aNew Delhi
_bTulika Books
_c2012
300 _axii;139p
_ccm.
650 _aReference
942 _hV2'L, P8
_cTEXL
_2CC
999 _c765865
_d765865